| 000 | 00963nam a2200253Ia 4500 | ||
|---|---|---|---|
| 005 | 20220317001250.0 | ||
| 008 | 160825s1978 ck g 000 0 spa | ||
| 082 | 0 | 4 |
_a791.43 _bM14p |
| 245 | 1 | 3 |
_aLa parte del león _cdirección Adolfo Aristarain _hvideograbación |
| 250 | _a1a. edición | ||
| 300 |
_a1 videocasete en VHS (85 minutos) _bsonido, color _c20 cm |
||
| 490 | _aLa maleta | ||
| 500 | _aLa película pertenece a la colección La Maleta. Dirigida para un público adulto | ||
| 650 | 1 | 4 |
_2LEMB _aPelículas cinematográficas argentinas _vVideocasetes |
| 650 | 1 | 4 |
_2LEMB _aCine latinoamericano _vVideocasetes |
| 650 | 1 | 4 |
_2LEMB _aCine de aventuras _vVideocasetes |
| 700 | 1 |
_aAristarain, Adolfo _968514 |
|
| 942 |
_2ddc _cVIDEOCASET |
||
| 264 |
_aBogotá _bMinisterio de Cultura _c1978 |
||
| 336 |
_atexto _btxt _2rdacontent |
||
| 337 |
_asin mediación _bn _2rdamedia |
||
| 338 |
_avolumen _bnc _2rdacarrier |
||
| 040 |
_aCO-BoRNBP _bspa _erda _cCO-BoRNBP |
||
| 999 |
_c6437 _d6437 |
||